Представление документа в формате MARC21

ПолеНазваниеЗначение
  Тип записи a
  Библиографический уровень m
001 Контрольный номер RU\infra-m\znanium\bibl\2234540
005 Дата корректировки 20260429142232.4
008 Кодируемые данные 260410s2025 RU g rus u
020 Индекс ISBN __
a ISBN 978-5-91671-762-4
040 Источник каталогиз. __
a Служба первич. каталог. Общество с ограниченной ответственностью «ЗНАНИУМ»
041 Код языка издания __
a Код языка текста rus
044 Код страны публикации __
a Код страны публикации RU
080 Индекс УДК __
a Индекс УДК 94
084 Индекс другой классификации/Индекс ББК __
2 Источник индекса rubbk
a Индекс другой классификации/Индекс ББК 6330
084 Индекс другой классификации/Индекс ББК __
2 Источник индекса okso
a Индекс другой классификации/Индекс ББК 46.03.01
100 Автор __
a Автор Роган Ю.
q Полное имя Роган Юджин
u Дополнение Оксфордский университет
245 Заглавие __
a Заглавие Падение Османской империи: Первая мировая война на Ближнем Востоке, 1914-1920
b Продолж. заглавия Научно-популярная литература
c Ответственность Оксфордский университет
250 Сведения об издании __
a Основные сведения об издании 1
260 Выходные данные __
a Место издания Москва
b Издательство ООО "Альпина нон-фикшн"
c Дата издания 2026
300 Физическое описание __
a Объем 560 с.
520 Аннотация __
a Аннотация В 1914 году европейские державы неумолимо сползали к войне затягивая с собой в воронку этого разрушительного конфликта весь Ближний Восток. В своей книге Юджин Роган представляет историю Первой мировой войны раскрывая последствия к которым она привела на Ближнем Востоке и ту решающую - но малоизвестную у нас - роль которую сыграл в ней регион. Известный британский историк живо и увлекательно рассказывает о политических интригах и военных баталиях развернувшихся на османских землях от Галлиполийского полуострова до Аравии. В отличие от окопной войны на Западном фронте на Ближнем Востоке боевые действия носили динамичный и непредсказуемый характер. Прежде чем военная фортуна повернулась лицом к державам Антанты турки нанесли им сокрушительные поражения на Галлиполийском полуострове в Месопотамии и Палестине. Послевоенное урегулирование привело к разделу Османской империи и заложило основу тех непримиримых противоречий которые по сей день раздирают арабский мир. Эта книга обязательна к прочтению всем кто хочет понять историю Первой мировой войны и феномен сегодняшнего Ближнего Востока.
521 Примеч. о цел. назн. __
a Примеч. о целев. назн. Дополнительное образование
650 Тематические рубрики __
a Основная рубрика Военное дело. Оружие. Спецслужбы
x Основная подрубрика История военного дела
655 Указ. предметных рубрик (устаревшее) __
a Жанр/ форма (устаревшее) Научно-популярная литература
856 Электронный адрес документа 4_
a Имя сервера/домена znanium.ru
m Помощь ebs_support@infra-m.ru
n Местонахождение сервера НИЦ ИНФРА-М
u URL https://znanium.ru/catalog/document?id=473304
856 Электронный адрес документа 48
a Имя сервера/домена znanium.ru
d Путь /cover/2234
f Электронное имя 2234540.jpg
q Тип электронного формата image/jpeg
u URL https://znanium.ru/cover/2234/2234540.jpg
911 __
u 0030=https://znanium.ru/catalog/document?id=473304